<?xml version="1.0" encoding="UTF-8"?>
<record
    xmlns:xsi="http://www.w3.org/2001/XMLSchema-instance"
    xsi:schemaLocation="http://www.loc.gov/MARC21/slim http://www.loc.gov/standards/marcxml/schema/MARC21slim.xsd"
    xmlns="http://www.loc.gov/MARC21/slim">

  <leader>00407nam a22001697a 4500</leader>
  <controlfield tag="005">20160513151104.0</controlfield>
  <controlfield tag="008">160513b        xxu||||| |||| 00| 0 eng d</controlfield>
  <datafield tag="020" ind1=" " ind2=" ">
    <subfield code="a">0978-0-07-014491-0</subfield>
  </datafield>
  <datafield tag="041" ind1=" " ind2=" ">
    <subfield code="a">eng</subfield>
  </datafield>
  <datafield tag="082" ind1=" " ind2=" ">
    <subfield code="b">2104</subfield>
  </datafield>
  <datafield tag="100" ind1=" " ind2=" ">
    <subfield code="a">Rajan Saxena</subfield>
    <subfield code="9">597</subfield>
  </datafield>
  <datafield tag="245" ind1=" " ind2=" ">
    <subfield code="a">Marketing Management</subfield>
  </datafield>
  <datafield tag="260" ind1=" " ind2=" ">
    <subfield code="a">New Delhi</subfield>
    <subfield code="b">Tata McGraw Hill Ltd. </subfield>
    <subfield code="c">2009</subfield>
  </datafield>
  <datafield tag="300" ind1=" " ind2=" ">
    <subfield code="a">793</subfield>
  </datafield>
  <datafield tag="650" ind1=" " ind2=" ">
    <subfield code="a">Management</subfield>
    <subfield code="9">241</subfield>
  </datafield>
  <datafield tag="942" ind1=" " ind2=" ">
    <subfield code="c">BK</subfield>
  </datafield>
  <datafield tag="999" ind1=" " ind2=" ">
    <subfield code="c">770</subfield>
    <subfield code="d">770</subfield>
  </datafield>
  <datafield tag="952" ind1=" " ind2=" ">
    <subfield code="0">0</subfield>
    <subfield code="1">0</subfield>
    <subfield code="4">0</subfield>
    <subfield code="7">0</subfield>
    <subfield code="8">REF</subfield>
    <subfield code="a">JRU</subfield>
    <subfield code="b">MAIN</subfield>
    <subfield code="c">SHELF-28-J</subfield>
    <subfield code="d">2016-05-13</subfield>
    <subfield code="l">0</subfield>
    <subfield code="o">2104</subfield>
    <subfield code="p">2104</subfield>
    <subfield code="r">2016-05-13 00:00:00</subfield>
    <subfield code="w">2016-05-13</subfield>
    <subfield code="y">BK</subfield>
  </datafield>
  <datafield tag="952" ind1=" " ind2=" ">
    <subfield code="0">0</subfield>
    <subfield code="1">0</subfield>
    <subfield code="4">0</subfield>
    <subfield code="7">0</subfield>
    <subfield code="8">MANAGEMENT</subfield>
    <subfield code="a">JRU</subfield>
    <subfield code="b">JRU</subfield>
    <subfield code="c">SHELF - 69 J</subfield>
    <subfield code="d">2016-05-13</subfield>
    <subfield code="l">1</subfield>
    <subfield code="o">2104</subfield>
    <subfield code="p">2105</subfield>
    <subfield code="r">2017-04-03 00:00:00</subfield>
    <subfield code="s">2017-03-31</subfield>
    <subfield code="w">2016-05-13</subfield>
    <subfield code="y">BK</subfield>
  </datafield>
  <datafield tag="952" ind1=" " ind2=" ">
    <subfield code="0">0</subfield>
    <subfield code="1">0</subfield>
    <subfield code="4">0</subfield>
    <subfield code="7">0</subfield>
    <subfield code="8">MANAGEMENT</subfield>
    <subfield code="a">JRU</subfield>
    <subfield code="b">JRU</subfield>
    <subfield code="c">SHELF-76-M</subfield>
    <subfield code="d">2016-05-13</subfield>
    <subfield code="l">0</subfield>
    <subfield code="o">658.5</subfield>
    <subfield code="p">2106</subfield>
    <subfield code="r">2016-10-20 00:00:00</subfield>
    <subfield code="w">2016-05-13</subfield>
    <subfield code="y">BK</subfield>
  </datafield>
  <datafield tag="952" ind1=" " ind2=" ">
    <subfield code="0">0</subfield>
    <subfield code="1">0</subfield>
    <subfield code="4">0</subfield>
    <subfield code="7">0</subfield>
    <subfield code="8">MANAGEMENT</subfield>
    <subfield code="a">JRU</subfield>
    <subfield code="b">JRU</subfield>
    <subfield code="c">SHELF - 69 J</subfield>
    <subfield code="d">2016-05-13</subfield>
    <subfield code="l">3</subfield>
    <subfield code="o">2104</subfield>
    <subfield code="p">2107</subfield>
    <subfield code="r">2019-09-11 00:00:00</subfield>
    <subfield code="s">2019-08-23</subfield>
    <subfield code="w">2016-05-13</subfield>
    <subfield code="y">BK</subfield>
  </datafield>
  <datafield tag="952" ind1=" " ind2=" ">
    <subfield code="0">0</subfield>
    <subfield code="1">0</subfield>
    <subfield code="4">0</subfield>
    <subfield code="7">0</subfield>
    <subfield code="8">MANAGEMENT</subfield>
    <subfield code="a">JRU</subfield>
    <subfield code="b">JRU</subfield>
    <subfield code="c">SHELF-76-M</subfield>
    <subfield code="d">2016-05-13</subfield>
    <subfield code="l">2</subfield>
    <subfield code="o">658.5</subfield>
    <subfield code="p">2108</subfield>
    <subfield code="r">2017-04-27 00:00:00</subfield>
    <subfield code="s">2017-04-20</subfield>
    <subfield code="w">2016-05-13</subfield>
    <subfield code="y">BK</subfield>
  </datafield>
  <datafield tag="952" ind1=" " ind2=" ">
    <subfield code="0">0</subfield>
    <subfield code="1">0</subfield>
    <subfield code="4">0</subfield>
    <subfield code="7">0</subfield>
    <subfield code="8">MANAGEMENT</subfield>
    <subfield code="a">JRU</subfield>
    <subfield code="b">JRU</subfield>
    <subfield code="c">SHELF - 69 J</subfield>
    <subfield code="d">2016-05-13</subfield>
    <subfield code="l">2</subfield>
    <subfield code="m">1</subfield>
    <subfield code="o">2104</subfield>
    <subfield code="p">2109</subfield>
    <subfield code="r">2019-05-21 00:00:00</subfield>
    <subfield code="s">2019-05-13</subfield>
    <subfield code="w">2016-05-13</subfield>
    <subfield code="y">BK</subfield>
  </datafield>
  <datafield tag="952" ind1=" " ind2=" ">
    <subfield code="0">0</subfield>
    <subfield code="1">0</subfield>
    <subfield code="4">0</subfield>
    <subfield code="7">0</subfield>
    <subfield code="8">MANAGEMENT</subfield>
    <subfield code="a">JRU</subfield>
    <subfield code="b">JRU</subfield>
    <subfield code="c">SHELF - 69 J</subfield>
    <subfield code="d">2016-05-13</subfield>
    <subfield code="l">3</subfield>
    <subfield code="o">2104</subfield>
    <subfield code="p">2110</subfield>
    <subfield code="r">2023-01-30 00:00:00</subfield>
    <subfield code="s">2022-08-11</subfield>
    <subfield code="w">2016-05-13</subfield>
    <subfield code="y">BK</subfield>
  </datafield>
  <datafield tag="952" ind1=" " ind2=" ">
    <subfield code="0">0</subfield>
    <subfield code="1">0</subfield>
    <subfield code="4">0</subfield>
    <subfield code="7">0</subfield>
    <subfield code="8">MANAGEMENT</subfield>
    <subfield code="a">JRU</subfield>
    <subfield code="b">JRU</subfield>
    <subfield code="c">SHELF - 69 J</subfield>
    <subfield code="d">2016-05-13</subfield>
    <subfield code="l">0</subfield>
    <subfield code="o">2104</subfield>
    <subfield code="p">2111</subfield>
    <subfield code="r">2016-05-13 00:00:00</subfield>
    <subfield code="w">2016-05-13</subfield>
    <subfield code="y">BK</subfield>
  </datafield>
  <datafield tag="952" ind1=" " ind2=" ">
    <subfield code="0">0</subfield>
    <subfield code="1">0</subfield>
    <subfield code="4">0</subfield>
    <subfield code="7">0</subfield>
    <subfield code="8">MANAGEMENT</subfield>
    <subfield code="a">JRU</subfield>
    <subfield code="b">JRU</subfield>
    <subfield code="c">SHELF - 69 J</subfield>
    <subfield code="d">2016-05-13</subfield>
    <subfield code="l">1</subfield>
    <subfield code="o">2104</subfield>
    <subfield code="p">2112</subfield>
    <subfield code="r">2022-07-18 00:00:00</subfield>
    <subfield code="s">2022-07-04</subfield>
    <subfield code="w">2016-05-13</subfield>
    <subfield code="y">BK</subfield>
  </datafield>
  <datafield tag="952" ind1=" " ind2=" ">
    <subfield code="0">0</subfield>
    <subfield code="1">0</subfield>
    <subfield code="4">0</subfield>
    <subfield code="7">0</subfield>
    <subfield code="8">MANAGEMENT</subfield>
    <subfield code="a">JRU</subfield>
    <subfield code="b">JRU</subfield>
    <subfield code="c">SHELF-76-M</subfield>
    <subfield code="d">2016-05-13</subfield>
    <subfield code="l">6</subfield>
    <subfield code="o">658.5</subfield>
    <subfield code="p">2113</subfield>
    <subfield code="r">2018-01-03 00:00:00</subfield>
    <subfield code="s">2018-01-02</subfield>
    <subfield code="w">2016-05-13</subfield>
    <subfield code="y">BK</subfield>
  </datafield>
  <datafield tag="952" ind1=" " ind2=" ">
    <subfield code="0">0</subfield>
    <subfield code="1">0</subfield>
    <subfield code="4">0</subfield>
    <subfield code="7">0</subfield>
    <subfield code="8">MANAGEMENT</subfield>
    <subfield code="a">JRU</subfield>
    <subfield code="b">JRU</subfield>
    <subfield code="c">SHELF - 69 J</subfield>
    <subfield code="d">2016-05-13</subfield>
    <subfield code="l">1</subfield>
    <subfield code="o">2104</subfield>
    <subfield code="p">2114</subfield>
    <subfield code="r">2025-05-28 09:47:40</subfield>
    <subfield code="s">2024-05-15</subfield>
    <subfield code="w">2016-05-13</subfield>
    <subfield code="y">BK</subfield>
  </datafield>
</record>
